[Event "Calvia Amateur op 16th"]
[Site "Calvia"]
[Date "2019.10.13"]
[Round "9"]
[White "Nettleton, Robin"]
[Black "Kirkwood, Robin"]
[Result "1/2-1/2"]
[WhiteElo "1297"]
[BlackElo "1628"]
[PlyCount "51"]
[EventDate "2019.10.05"]
[EventType "swiss"]
[EventRounds "9"]
[EventCountry "ESP"]
[SourceTitle "CBM 192 Extra"]
[Source "Chessbase"]
[SourceDate "2019.11.06"]
[SourceVersion "1"]
[SourceVersionDate "2019.11.06"]
[SourceQuality "1"]

1. Nf3 b6 2. g3 Bb7 3. Bg2 g6 4. c4 Bg7 5. d4 e6 6. Nc3 Ne7 7. 0-0 d6 8. Re1 Nd7 9. b3 0-0 10. Bb2 f5 11. e3 Nf6 12. Qc2 h6 13. Rad1 a6 14. a4 Nc6 15. Ba3 Ne7 16. Nd2 Bxg2 17. Kxg2 Qc8 18. e4 Qb7 19. Kg1 Rae8 20. Re2 fxe4 21. Ndxe4 Nxe4 22. Qxe4 Qxe4 23. Rxe4 Nf5 24. Ne2 e5 25. dxe5 Bxe5 26. Nc1 1/2-1/2

[Event "Calvia Amateur op 16th"]
[Site "Calvia"]
[Date "2019.10.12"]
[Round "8"]
[White "Hardwick, A William"]
[Black "Nettleton, Robin"]
[Result "0-1"]
[WhiteElo "1515"]
[BlackElo "1297"]
[PlyCount "82"]
[EventDate "2019.10.05"]
[EventType "swiss"]
[EventRounds "9"]
[EventCountry "ESP"]
[SourceTitle "CBM 192 Extra"]
[Source "Chessbase"]
[SourceDate "2019.11.06"]
[SourceVersion "1"]
[SourceVersionDate "2019.11.06"]
[SourceQuality "1"]

1. d4 d5 2. c4 Bf5 3. Nc3 Nf6 4. e3 e6 5. Nf3 Bb4 6. Bd2 Bxc3 7. Bxc3 0-0 8. Be2 c6 9. 0-0 Qc7 10. Ne5 Nbd7 11. c5 Nxe5 12. dxe5 Ne4 13. Bd4 Ng5 14. f3 h6 15. Bd3 Bxd3 16. Qxd3 Nh7 17. f4 f5 18. Rf3 Rf7 19. Qe2 g5 20. Rg3 Qe7 21. b4 g4 22. h3 h5 23. hxg4 hxg4 24. Kf2 Nf8 25. Rh1 Rh7 26. Rhh3 Rh4 27. Bc3 Ng6 28. Rxh4 Qxh4 29. Be1 Kf7 30. Qf1 Rh8 31. Ke2 Qh2 32. Kd3 b6 33. Bf2 bxc5 34. bxc5 Rb8 35. Qe1 Rb5 36. Qc1 Qh8 37. e4 Nxf4+ 38. Kd2 Qxe5 39. Rb3 Rxb3 40. axb3 Qxe4 41. Be3 Qd3+ 0-1

[Event "Calvia Amateur op 16th"]
[Site "Calvia"]
[Date "2019.10.08"]
[Round "4"]
[White "Busom Ferrer, Manuel"]
[Black "Nettleton, Robin"]
[Result "1-0"]
[WhiteElo "1759"]
[BlackElo "1297"]
[PlyCount "51"]
[EventDate "2019.10.05"]
[EventType "swiss"]
[EventRounds "9"]
[EventCountry "ESP"]
[SourceTitle "CBM 192 Extra"]
[Source "Chessbase"]
[SourceDate "2019.11.06"]
[SourceVersion "1"]
[SourceVersionDate "2019.11.06"]
[SourceQuality "1"]

1. e4 e5 2. Nc3 Nf6 3. f4 Nc6 4. fxe5 Nxe5 5. d4 Ng6 6. e5 Ng8 7. Nf3 Bb4 8. Bc4 c6 9. Ng5 Bxc3+ 10. bxc3 Nh6 11. 0-0 0-0 12. Qh5 d5 13. exd6 Bg4 14. Nxf7 Nxf7 15. Qxg4 Qxd6 16. a4 Qc7 17. Ba3 Kh8 18. Bxf8 Rxf8 19. Rxf7 Rxf7 20. Bxf7 Qxf7 21. Rf1 Qc7 22. Qe6 Qd8 23. Re1 Nf8 24. Qf7 Qf6 25. Qxf6 gxf6 26. Re7 1-0

[Event "BCF-chT4S 1718 (4NCL)"]
[Site "England"]
[Date "2018.05.07"]
[Round "11.209"]
[White "Nettleton, Robin"]
[Black "O'Byrne, Daniel"]
[Result "1/2-1/2"]
[WhiteElo "1278"]
[BlackElo "1723"]
[PlyCount "55"]
[EventDate "2017.11.11"]
[EventType "team-swiss"]
[EventRounds "11"]
[EventCountry "ENG"]
[SourceTitle "EXT 2020"]
[Source "ChessBase"]
[SourceDate "2019.10.17"]
[SourceVersion "1"]
[SourceVersionDate "2019.10.17"]
[SourceQuality "1"]
[WhiteTeam "Cambridge University III"]
[BlackTeam "Brown Jack II"]
[WhiteTeamCountry "ENG"]
[BlackTeamCountry "ENG"]

1. d4 f5 2. Bf4 Nf6 3. e3 d6 4. c3 e6 5. Nd2 Nc6 6. Qc2 a6 7. Bd3 h6 8. h3 Be7 9. Ngf3 d5 10. Ne5 Nxe5 11. Bxe5 Bd7 12. Nf3 0-0 13. Bf4 Bd6 14. Bxd6 cxd6 15. 0-0-0 b5 16. Qe2 Qa5 17. b4 Qb6 18. Qb2 a5 19. Kd2 axb4 20. cxb4 Ne4+ 21. Ke2 Rfc8 22. Rc1 Qa6 23. Rxc8+ Rxc8 24. Bxe4 fxe4 25. Nd2 Ra8 26. Ra1 Qa3 27. Qxa3 Rxa3 28. Nb3 1/2-1/2

[Event "BCF-chT4S 1718 (4NCL)"]
[Site "England"]
[Date "2017.11.11"]
[Round "1.15"]
[White "Botham, Christopher Paul"]
[Black "Nettleton, Robin"]
[Result "1-0"]
[WhiteElo "1962"]
[BlackElo "1278"]
[PlyCount "81"]
[EventDate "2017.11.11"]
[EventType "team-swiss"]
[EventRounds "11"]
[EventCountry "ENG"]
[SourceTitle "EXT 2020"]
[Source "ChessBase"]
[SourceDate "2019.10.17"]
[SourceVersion "1"]
[SourceVersionDate "2019.10.17"]
[SourceQuality "1"]
[WhiteTeam "Iceni"]
[BlackTeam "Cambridge University III"]
[WhiteTeamCountry "ENG"]
[BlackTeamCountry "ENG"]

1. c4 g6 2. Nc3 Bg7 3. Nf3 Nf6 4. g3 0-0 5. Bg2 d6 6. 0-0 Nbd7 7. d3 Nb6 8. Bd2 Bg4 9. h3 Bxf3 10. Bxf3 c6 11. Qb3 Qc7 12. Rac1 e5 13. e4 Nbd7 14. Qc2 Nc5 15. b4 Ne6 16. Ne2 Rac8 17. Be3 c5 18. a3 a6 19. Qb2 b6 20. Bg2 Nd4 21. Nxd4 exd4 22. Bd2 Nd7 23. f4 Rfe8 24. Kh2 Kh8 25. Rce1 Re7 26. Qb3 Rce8 27. Qa4 Nb8 28. Rb1 Qd7 29. Qxd7 Nxd7 30. a4 Rb8 31. Rb2 Nf8 32. Rfb1 Re6 33. a5 b5 34. bxc5 dxc5 35. cxb5 axb5 36. Rxb5 Rxb5 37. Rxb5 Rc6 38. e5 Rc8 39. a6 Ne6 40. a7 Nc7 41. Rxc5 1-0

[Event "Calvia Amateur op 13th"]
[Site "Calvia"]
[Date "2016.10.16"]
[Round "9"]
[White "Vicens Pons, Antoni"]
[Black "Nettleton, Robin"]
[Result "1/2-1/2"]
[WhiteElo "1380"]
[BlackElo "1288"]
[PlyCount "73"]
[EventDate "2016.10.08"]
[EventType "swiss"]
[EventRounds "9"]
[EventCountry "ESP"]
[SourceTitle "CBM 175 Extra"]
[Source "ChessBase"]
[SourceDate "2016.12.12"]
[SourceVersion "1"]
[SourceVersionDate "2016.12.12"]
[SourceQuality "1"]

1. e4 e5 2. Nf3 Nc6 3. Bc4 Bc5 4. c3 d6 5. d4 Bb6 6. 0-0 Bd7 7. d5 Nce7 8. Ng5 h6 9. Nf3 Ng6 10. Qd3 Qe7 11. a4 a6 12. b4 Nf6 13. Be3 Bxe3 14. Qxe3 Nf4 15. Nbd2 Ng4 16. Qe1 g5 17. b5 a5 18. b6 Rc8 19. bxc7 Rxc7 20. Bb5 b6 21. Bxd7+ Qxd7 22. c4 Nd3 23. Qb1 Nb4 24. h3 Nf6 25. Kh2 Nh5 26. g3 g4 27. Ng1 Ng7 28. hxg4 Qxg4 29. Qb3 h5 30. f3 Qg5 31. Rad1 h4 32. g4 Qf4+ 33. Kh1 h3 34. Ne2 Qg5 35. Kh2 f6 36. Rg1 Rh4 37. Nf1 1/2-1/2

[Event "Calvia Amateur op 12th"]
[Site "Calvia"]
[Date "2015.10.18"]
[Round "9"]
[White "Barranco Tejedor, Alejandro"]
[Black "Nettleton, Robin"]
[Result "0-1"]
[WhiteElo "1364"]
[BlackElo "1335"]
[PlyCount "74"]
[EventDate "2015.10.10"]
[EventType "swiss"]
[EventRounds "9"]
[EventCountry "ESP"]
[SourceTitle "EXT 2019"]
[Source "ChessBase"]
[SourceDate "2018.10.10"]
[SourceVersion "1"]
[SourceVersionDate "2018.10.10"]
[SourceQuality "1"]

1. e4 e5 2. Nf3 Nc6 3. Nc3 a6 4. Bc4 Bc5 5. 0-0 d6 6. h3 Nd4 7. d3 Nxf3+ 8. Qxf3 Qf6 9. Qxf6 Nxf6 10. Nd5 Nxd5 11. Bxd5 c6 12. Bb3 Ke7 13. Be3 Bxe3 14. fxe3 Be6 15. Bxe6 Kxe6 16. d4 f6 17. Rad1 Rad8 18. d5+ cxd5 19. exd5+ Ke7 20. e4 b5 21. b3 Rc8 22. Rf2 Rc3 23. Rd3 Rhc8 24. Rxc3 Rxc3 25. Re2 g6 26. g4 Rxh3 27. Rh2 Rg3+ 28. Rg2 Rxg2+ 29. Kxg2 Kd7 30. c4 bxc4 31. bxc4 Kc7 32. a4 Kb6 33. a5+ Kc5 34. Kh3 Kxc4 35. Kh4 Kd4 36. g5 fxg5+ 37. Kxg5 Kxe4 0-1

[Event "Calvia Amateur op 12th"]
[Site "Calvia"]
[Date "2015.10.16"]
[Round "7"]
[White "Nettleton, Robin"]
[Black "Gonzalez Muelas, Javier"]
[Result "0-1"]
[WhiteElo "1335"]
[BlackElo "1753"]
[PlyCount "52"]
[EventDate "2015.10.10"]
[EventType "swiss"]
[EventRounds "9"]
[EventCountry "ESP"]
[SourceTitle "EXT 2019"]
[Source "ChessBase"]
[SourceDate "2018.10.10"]
[SourceVersion "1"]
[SourceVersionDate "2018.10.10"]
[SourceQuality "1"]

1. d4 e6 2. Bf4 Nf6 3. e3 Be7 4. Bd3 b6 5. f3 d6 6. c3 Nd5 7. Be4 c6 8. Ne2 Bg5 9. Bxd5 exd5 10. g3 0-0 11. Qd3 Re8 12. Nd2 Ba6 13. Qf5 Bxf4 14. Qxf4 g5 15. Qf5 Rxe3 16. 0-0-0 Bc8 17. Qc2 Rxe2 18. g4 Qf6 19. Rde1 Qe6 20. Qd1 Ba6 21. Rxe2 Bxe2 22. Qe1 Nd7 23. h3 Re8 24. h4 Qe3 25. hxg5 Bxf3 26. Qh4 Bxh1 0-1

[Event "Calvia Amateur op 12th"]
[Site "Calvia"]
[Date "2015.10.12"]
[Round "3"]
[White "Romero Gamez, Francisco Javier"]
[Black "Nettleton, Robin"]
[Result "1-0"]
[WhiteElo "1708"]
[BlackElo "1335"]
[PlyCount "125"]
[EventDate "2015.10.10"]
[EventType "swiss"]
[EventRounds "9"]
[EventCountry "ESP"]
[SourceTitle "EXT 2017"]
[Source "ChessBase"]
[SourceDate "2016.10.25"]
[SourceVersion "1"]
[SourceVersionDate "2016.10.25"]
[SourceQuality "1"]

1. e4 e5 2. Nf3 Nc6 3. Bb5 Bc5 4. 0-0 Nge7 5. c3 a6 6. Ba4 d6 7. d4 exd4 8. cxd4 b5 9. dxc5 bxa4 10. Qxa4 0-0 11. cxd6 cxd6 12. Nc3 Bd7 13. h3 Ne5 14. Qd1 Qc8 15. Nxe5 dxe5 16. Qf3 Rb8 17. b3 Nc6 18. Bb2 Nd4 19. Qh5 f6 20. Nd5 Qe8 21. Qxe8 Rfxe8 22. Bxd4 exd4 23. f3 Bc6 24. Rfd1 Bxd5 25. exd5 Rb4 26. Rd3 Rd8 27. a3 Rb5 28. Rxd4 Rdxd5 29. Rxd5 Rxd5 30. Ra2 a5 31. b4 axb4 32. axb4 Rb5 33. Rb2 Kf7 34. Kf2 Ke6 35. Ke3 g5 36. Kd3 Kd5 37. Kc3 h5 38. Kb3 Kc6 39. Ka4 Re5 40. Rf2 Rf5 41. Re2 g4 42. hxg4 hxg4 43. fxg4 Rg5 44. Re6+ Kb7 45. Rxf6 Rxg4 46. Rf2 Kb6 47. Rb2 Ka6 48. Kb3 Kb5 49. Kc3 Rg3+ 50. Kd4 Rg4+ 51. Ke5 Rg5+ 52. Kf4 Rg8 53. Kf5 Rg3 54. Kf4 Rg8 55. g4 Rf8+ 56. Kg3 Rg8 57. Rb1 Rc8 58. g5 Rc4 59. Rf1 Rxb4 60. g6 Kc6 61. g7 Rb8 62. Rf8 Rb3+ 63. Kf4 1-0

[Event "Sunningdale e2e4 op U1800 05"]
[Site "Sunningdale"]
[Date "2013.05.27"]
[Round "7"]
[White "Nettleton, Robin"]
[Black "Foley, Phil T"]
[Result "0-1"]
[WhiteElo "1449"]
[BlackElo "1641"]
[PlyCount "67"]
[EventDate "2013.05.25"]
[EventType "swiss"]
[EventRounds "7"]
[EventCountry "ENG"]
[SourceTitle "EXT 2014"]
[Source "ChessBase"]
[SourceDate "2013.11.20"]
[SourceVersion "1"]
[SourceVersionDate "2013.11.20"]
[SourceQuality "1"]

1. d4 f5 2. Bf4 e6 3. e3 Nf6 4. c3 Be7 5. Nf3 0-0 6. Bd3 b6 7. Nbd2 Bb7 8. Ne5 Nd5 9. Bg3 d6 10. Nec4 Nd7 11. Qe2 N7f6 12. Bh4 Ne4 13. Bxe7 Qxe7 14. Nxe4 fxe4 15. Bxe4 Nxc3 16. bxc3 Bxe4 17. f3 Bc6 18. Na3 Qh4+ 19. Qf2 Qh5 20. 0-0 Qg5 21. Kh1 Rf6 22. Qg3 Qxe3 23. Rac1 Raf8 24. Nc4 Qd3 25. Nb2 Qa6 26. Ra1 Qa3 27. Nd1 Ba4 28. Rf2 Bxd1 29. Rxd1 Qxc3 30. Qg5 Rf4 31. Qe7 R4f6 32. h3 Qc6 33. Re1 Re8 34. Qxg7+ 0-1

[Event "Sunningdale e2e4 op U1800 05"]
[Site "Sunningdale"]
[Date "2013.05.26"]
[Round "4"]
[White "Nettleton, Robin"]
[Black "Plumb, Michael D"]
[Result "0-1"]
[WhiteElo "1449"]
[BlackElo "1673"]
[PlyCount "54"]
[EventDate "2013.05.25"]
[EventType "swiss"]
[EventRounds "7"]
[EventCountry "ENG"]
[SourceTitle "EXT 2014"]
[Source "ChessBase"]
[SourceDate "2013.11.20"]
[SourceVersion "1"]
[SourceVersionDate "2013.11.20"]
[SourceQuality "1"]

1. d4 d5 2. Bf4 Nf6 3. e3 e6 4. Nf3 Bd6 5. Bxd6 Qxd6 6. c3 0-0 7. Nbd2 Nbd7 8. Qc2 b6 9. 0-0-0 Bb7 10. Bd3 g6 11. Ng5 c5 12. h4 cxd4 13. exd4 e5 14. dxe5 Nxe5 15. Kb1 Rfc8 16. Ndf3 Nxd3 17. Rxd3 h6 18. Nh3 Qc5 19. Nd4 b5 20. Rg3 Ne4 21. Re3 b4 22. Ne2 Nxf2 23. Nef4 Qxe3 24. Rf1 Nxh3 25. Nxg6 Qe4 26. Ne7+ Qxe7 27. gxh3 Qe4 0-1

[Event "Sunningdale e2e4 op U1800 05"]
[Site "Sunningdale"]
[Date "2013.05.25"]
[Round "1"]
[White "Lawrence, David S"]
[Black "Nettleton, Robin"]
[Result "1/2-1/2"]
[WhiteElo "1654"]
[BlackElo "1449"]
[PlyCount "36"]
[EventDate "2013.05.25"]
[EventType "swiss"]
[EventRounds "7"]
[EventCountry "ENG"]
[SourceTitle "EXT 2014"]
[Source "ChessBase"]
[SourceDate "2013.11.20"]
[SourceVersion "1"]
[SourceVersionDate "2013.11.20"]
[SourceQuality "1"]

1. d4 d5 2. Nf3 Bf5 3. e3 e6 4. Bd3 Bxd3 5. Qxd3 Nf6 6. Qb5+ Nc6 7. Nbd2 Rb8 8. c3 Qd7 9. 0-0 Bd6 10. Qd3 h6 11. Re1 0-0 12. e4 dxe4 13. Nxe4 Nxe4 14. Qxe4 Ne7 15. Ne5 Bxe5 16. dxe5 Qc6 17. Qe2 Nf5 18. Be3 a5 1/2-1/2

[Event "Amersham e2e4 Major op"]
[Site "Amersham"]
[Date "2012.05.19"]
[Round "3"]
[White "Sandercock, E Barry"]
[Black "Nettleton, Robin"]
[Result "1/2-1/2"]
[WhiteElo "1740"]
[BlackElo "1326"]
[PlyCount "96"]
[EventDate "2012.05.18"]
[EventType "swiss"]
[EventRounds "5"]
[EventCountry "ENG"]
[SourceTitle "EXT 2014"]
[Source "ChessBase"]
[SourceDate "2013.11.20"]
[SourceVersion "1"]
[SourceVersionDate "2013.11.20"]
[SourceQuality "1"]

1. Nf3 Nf6 2. d4 d5 3. e3 Bg4 4. h3 Bxf3 5. Qxf3 e6 6. Bd3 g6 7. 0-0 Bg7 8. c4 0-0 9. Nc3 c6 10. Bd2 Nbd7 11. cxd5 Nxd5 12. Nxd5 exd5 13. b4 Qf6 14. Qg3 b5 15. Rfc1 Nb6 16. Bc3 Rfd8 17. Rc2 Qd6 18. Qf3 Rd7 19. Rac1 Rc8 20. Bd2 Rdc7 21. Qe2 Nc4 22. Bxc4 bxc4 23. Bc3 a6 24. e4 Re7 25. e5 Qd7 26. f4 Qf5 27. Rf1 Qe6 28. Qf3 Rf8 29. Re1 Qf5 30. Rf2 Rfe8 31. g4 Qd7 32. Rfe2 f6 33. Qg3 f5 34. g5 Re6 35. h4 h5 36. gxh6 Bxh6 37. h5 R8e7 38. Rg2 Rg7 39. Qh4 Qf7 40. Ree2 gxh5 41. Rxg7+ Kxg7 42. Rg2+ Rg6 43. Bd2 Rg4 44. Qd8 Kh7 45. Qd6 Rg6 46. Rxg6 Qxg6+ 47. Qxg6+ Kxg6 48. Kg2 Bf8 1/2-1/2